000 00389nam a22001571a 4500
082 _aM3
_bMEE/M
100 _aMeera K R
245 _aMeera sadhu/
_cby Meera K R
260 _aKottayam:
_bSahitya Pravartaka Co-operative Society,
_c2010.
300 _a46p.
500 _aMeerasadhu
650 _aNovel Malayalam
650 _aLiterature Malayalam
650 _aLiterature
942 _cBK
999 _c28558
_d28558